[Event "It (open) (a)"]
[Site "masterchessopen.com - Voronezh (Russia)"]
[Date "2006.06.14"]
[Round "3"]
[White "Gleizerov Evgeny (RUS)"]
[Black "Obukhov Alexander (RUS)"]
[Result "1-0"]
[WhiteElo "2560"]
[BlackElo "2488"]

{ Gleizerov Evgeny (RUS) +15 =10 -1 Obukhov Alexander (RUS) +1 =2 -0 } 1.d4
Nf6 2.c4 e6 3.g3 c5 4.d5 exd5 5.cxd5 d6 6.Nc3 g6 7.Nf3 Bg7 8.Bg2 O-O 9.O-O Bg4
( 9...Na6 10.Nd2 Nc7 11.Nc4 Nh5 12.Ne4 Ne8 13.a4 b6 14.Ra2 Bf5 15.Ng5 Nhf6
16.e4 Bg4 17.Qd3 h6 18.Nf3 Bxf3 19.Bxf3 Nd7 20.Bd2 a6 21.Bg4 Nef6 22.Bxd7 Nxd7
23.Bf4 Ne5 24.Bxe5 Bxe5 25.Nxe5 dxe5 26.d6 Ra7 27.b3 Rd7 28.Rd2 Qf6 29.Rfd1 {
...1/2-1/2, Ulibin Mikhail 2556 - Obukhov Alexander 2475 , Krasnoyarsk 2003 Ch
Russia } ) 10.Nd2 ( 10.Qb3 Bxf3 11.Bxf3 Qc7 12.Nb5 Qe7 13.Bf4 Ne8 14.Na3 b6
15.Nc4 Nd7 16.a4 Rb8 17.Rfd1 g5 18.Bc1 f5 19.Qc2 Ne5 20.Bg2 Kh8 21.Ra3 Nxc4
22.Qxc4 Nc7 23.b4 cxb4 24.Qxb4 Na6 25.Qd2 f4 26.h4 Rbe8 27.hxg5 fxg3 28.Rxg3
Nc5 29.Re3 Qd7 { ...1/2-1/2, Hackel Mario 2364 - Graf Alexander 2610 , Germany
2001 Bundesliga 2000/01 } ) 10...Qd7 11.a4 { ? } 11...Bh3 12.Nc4 Bxg2 13.Kxg2
Qe7 { +0.26 CAP } ( 13...Na6 14.Bf4 Nh5 15.Bxd6 Rfe8 16.f3 f5 17.f4 Bxc3
18.bxc3 Re4 19.Nd2 Qxd6 20.Nxe4 fxe4 21.f5 Nc7 22.c4 Ne8 23.fxg6 hxg6 24.e3
Nhf6 25.Rb1 Qe7 26.Qb3 Nd6 27.Qc3 Nd7 28.Rf4 Qg7 29.Qxg7+ Kxg7 30.a5 Re8
31.Rbf1 Re7 32.h3 Nxc4 33.d6 { ...0-1, Pedersen Thomas Vils 2131 - Bradbury
Neil H 2335 , Copenhagen 1997 It (open) "Politiken Cup" } ) 14.Re1 { N } (
14.Bf4 Rd8 ( 14...Ne8 15.Qd2 Nd7 16.Rfe1 Ne5 17.Bxe5 Bxe5 18.e4 Rd8 19.f4 Bxc3
20.bxc3 f6 21.Re2 b6 22.Qd3 Qb7 23.Kg1 Qa6 24.h4 Ng7 25.Raa2 Rfe8 26.g4 Re7
27.e5 dxe5 28.fxe5 fxe5 29.d6 Qc8 30.Nxe5 Qe6 31.Rad2 Ne8 32.Nxg6 Qxg4+ 33.Rg2
Re1+ { ...0-1, Jirka Jiri 2387 - Simacek Pavel 2463 , Cartak 6.2005 It (a) } )
15.f3 Ne8 16.e4 Nd7 17.Nb5 Ne5 18.Nba3 Nc7 19.Qb3 Na6 20.Nxe5 Bxe5 21.Bd2 Bg7
22.Nc4 Qd7 23.Bf4 Bf8 24.Bg5 Re8 25.Rfe1 Nb4 26.Rad1 Rab8 27.Bf4 b5 28.axb5
Rxb5 29.Qa4 a6 30.Rd2 f5 31.Qd1 fxe4 32.fxe4 Qd8 33.e5 dxe5 { ...1/2-1/2,
Palac Mladen 2572 - Del Rio Angelis Salvador G 2489 , Saint Vincent 2001 It
(open) } ) ( 14.f3 Nbd7 15.Bf4 Ne8 16.Qd2 Ne5 17.Qe3 f6 18.Bxe5 fxe5 19.Ne4
Rd8 20.b4 cxb4 21.Qxa7 Nf6 22.Nxf6+ Bxf6 23.Rab1 e4 24.f4 Bc3 25.Qe3 Rc8
26.Nd2 Rf5 27.Qxe4 Qf7 28.Rfd1 Rxd5 29.Nf3 Rxd1 30.Rxd1 Re8 31.Qd3 Qa2 32.Kf2
Qxa4 33.Qc4+ Kh8 { ...1-0, Makarov Marat 2510 - Gufeld Eduard 2485 , Podolsk
1992 It } ) ( 14.Qc2 Na6 15.e4 Nb4 16.Qe2 Rad8 17.Re1 Rfe8 18.Bg5 h6 19.Bxf6
Bxf6 20.Rad1 a6 21.Qd2 Qf8 22.a5 Kh7 23.f3 Bg7 24.Re2 Bf6 25.Ree1 Bg7 26.Re2
Bf6 27.Ree1 { 1/2-1/2, Razuvaev Yuri S 2510 - Pereszupkin Alexander 2395 ,
Baku 1977 Ch URS (1 liga) } ) 14...Nbd7 15.e4 Rfd8 16.f4 Ne8 17.Qe2 Nb6
18.Nxb6 axb6 19.Ra3 Nc7 20.Rb3 Ra6 21.Bd2 Qd7 22.a5 Re8 23.axb6 Bxc3 24.bxc7
Bxd2 25.Rxb7 Bxe1 { ? } ( 25...Raa8 26.Qxd2 Qc8 27.Rb3 Qxc7 28.Qc3 Reb8
29.Rxb8+ Rxb8 30.Re2 Qd7 31.e5 dxe5 32.Qxe5 Rd8 { } ) 26.Qxa6 Rf8 27.Qb5 Qc8
28.e5 dxe5 29.d6 Qe6 30.Rb8 { ?? } ( 30.Qxc5 exf4 31.Rb8 Qe2+ 32.Kg1 Bf2+
33.Qxf2 Qd1+ 34.Kg2 Qxd6 35.c8=Q Qd5+ 36.Qf3 Qd2+ 37.Kh3 { } ) 30...Qd5+
31.Kh3 Qe6+ 32.g4 h5 33.Qe2 Ba5 34.fxe5 Qd7 { ?? } ( 34...Kg7 35.Rxf8 Kxf8
36.Qe4 Bxc7 37.dxc7 Qc8 38.Kg3 Qxc7 39.gxh5 gxh5 40.Qd5 Qe7 41.h4 { } )
35.Rxf8+ Kxf8 36.e6 fxe6 37.Qf3+ Ke8 38.Qa8+ { } {#r} 1-0

[Event "It (open)"]
[Site "masterchessopen.com - Sanxenxo (Spain)"]
[Date "2006.06.28"]
[Round "3"]
[White "Hoffman Alejandro (ARG)"]
[Black "Gil Reguera Juan Carlos (ESP)"]
[Result "1-0"]
[WhiteElo "2442"]
[BlackElo "2248"]

1.d4 Nf6 2.c4 c5 3.d5 e6 4.Nc3 exd5 5.cxd5 d6 6.Nf3 g6 7.g3 Bg7 8.Bg2 O-O
9.O-O a6 10.a4 Nbd7 11.h3 Re8 12.Bf4 Qe7 13.Re1 h6 14.Qc1 g5 15.Bd2 Nf8 16.e4
Ng6 17.Ra3 Nd7 18.Nd1 Nde5 19.Nxe5 Bxe5 20.Ne3 Qd8 21.a5 Bd7 22.Rb3 Rb8 23.Rb6
Kg7 24.Qd1 Qf6 25.Qh5 {#r} 1-0

[Event "It (open)"]
[Site "masterchessopen.com - Ourense (Spain)"]
[Round "4"]
[White "Hoffman Alejandro (ARG)"]
[Black "Barbosa Fabio (POR)"]
[Result "1-0"]
[WhiteElo "2442"]
[BlackElo "2036"]

1.d4 Nf6 2.c4 e6 3.g3 c5 4.d5 exd5 5.cxd5 d6 6.Nc3 g6 7.Bg2 Bg7 8.Nf3 O-O
9.O-O Na6 10.Nd2 Rb8 11.a4 Nc7 12.Nc4 b6 13.Nb5 Nxb5 14.axb5 Ra8 15.e4 Ng4
16.Bf4 Ne5 17.Bxe5 Bxe5 18.f4 Bd4+ 19.Kh1 a5 20.e5 dxe5 21.fxe5 Ra7 22.Rf6
Bxe5 23.Rxb6 Bb7 24.Rxb7 Rxb7 25.Nxe5 Rxb5 26.Nc6 Qb6 27.Ne5 Rd8 28.Nc4 Qf6
29.Qc2 Rdb8 30.Rf1 Qd4 31.Rd1 Qf6 32.d6 Kf8 33.d7 Rb4 34.Nxa5 Rxb2 35.Qxc5+
Kg7 36.Nc6 Rb1 37.Qg1 {#r} 1-0

[Event "It (open)"]
[Site "masterchessopen.com - Kreuzberg (Germany)"]
[Date "2006.07.09"]
[Round "2"]
[White "Bornschein B (GER)"]
[Black "Mattick Lutz (GER)"]
[Result "0-1"]
[WhiteElo "2034"]
[BlackElo "2305"]

1.d4 Nf6 2.c4 e6 3.Nf3 c5 4.d5 exd5 5.cxd5 g6 6.Nc3 d6 7.g3 Bg7 8.Bg2 O-O
9.O-O a6 10.a4 Nbd7 11.e4 Re8 12.Re1 Qc7 13.Nd2 Ne5 14.Qc2 c4 15.Nd1 Bd7 16.a5
Rac8 17.Rf1 Nd3 18.Ne3 Bb5 19.Bh3 Nb4 20.Qb1 Nd7 21.Ndxc4 f5 22.Bd2 Bxc4
23.Nxc4 Qxc4 24.exf5 Ne5 25.Bg2 Nc2 26.Rc1 Qd3 27.Bc3 Nxa1 28.Qxa1 gxf5 29.Rd1
Qe2 30.Qc1 Nf3+ 31.Kh1 Bxc3 32.bxc3 Qxd1+ {#R} 0-1

[Event "It (open)"]
[Site "masterchessopen.com - Pardubice (Czech Republic)"]
[Date "2006.07.23"]
[Round "3"]
[White "Stupak Kirill (BLR)"]
[Black "Evdokimov Alexander A (RUS)"]
[Result "0-1"]
[WhiteElo "2408"]
[BlackElo "2525"]

1.d4 Nf6 2.Nf3 e6 3.c4 c5 4.d5 g6 5.Nc3 Bg7 6.g3 O-O 7.Bg2 exd5 8.cxd5 d6
9.O-O a6 10.a4 Nbd7 11.Bf4 Qe7 12.e4 Ng4 13.Nd2 Nge5 14.Qe2 g5 15.Be3 g4
16.Bf4 Rb8 17.Nd1 Nf6 18.Bxe5 Qxe5 19.Nc4 Qe7 20.Nb6 Bf5 21.Ne3 Bg6 22.Rae1
Nxe4 23.Nf5 Bxf5 24.Bxe4 Rbe8 25.f3 gxf3 26.Bxf3 Qd8 {#R} 0-1

[Event "It (open)"]
[Site "masterchessopen.com - Pedavena (Italy)"]
[Date "2006.08.02"]
[Round "2"]
[White "Efimov Igor (MNC)"]
[Black "Pegoraro Nicola (ITA)"]
[Result "1-0"]
[WhiteElo "2412"]
[BlackElo "2059"]

1.d4 Nf6 2.c4 c5 3.d5 e6 4.Nc3 exd5 5.cxd5 d6 6.Nf3 g6 7.g3 Bg7 8.Bg2 O-O
9.O-O Re8 10.Bf4 Na6 11.Rc1 Nc7 12.a4 Rb8 13.Re1 b5 14.b4 cxb4 15.Nd4 Bd7
16.Ncxb5 Nxb5 17.axb5 Bxb5 18.Nc6 Qd7 19.Qd2 b3 20.Nxb8 Rxb8 21.Qb4 b2 22.Qxb2
Nxd5 23.Qd2 Nxf4 24.Qxf4 a5 25.Bd5 Be5 26.Qf3 Kg7 27.Rc2 Bd4 28.Rec1 Bb6
29.Rb2 Bd4 30.Rbb1 Rf8 31.Ba2 Ba6 32.Qd5 Bf6 33.Rb6 Bb7 34.Rxd6 Qf5 35.Qxf5
gxf5 36.Rd5 a4 37.Rxf5 a3 {#r} 1-0

[Event "Tournament (open)"]
[Site "masterchessopen.com - Panevezys (Lithuania)"]
[Date "2006.08.16"]
[Round "6"]
[White "Kirsanova Ekaterina (RUS)"]
[Black "Malinin Yuri (RUS)"]
[Result "0-1"]
[WhiteElo "2193"]
[BlackElo "2374"]

1.d4 Nf6 2.c4 e6 3.g3 c5 4.d5 exd5 5.cxd5 d6 6.Nc3 g6 7.Bg2 Bg7 8.Nf3 O-O
9.O-O a6 10.a4 Nbd7 11.Bf4 Qc7 12.Rc1 Re8 13.b4 Nh5 14.Bd2 Qb8 15.bxc5 Nxc5
16.h3 Bd7 17.a5 Qd8 18.Ra1 Rc8 19.Ra3 Nf6 20.Re1 Nfe4 21.Nxe4 Nxe4 22.Bb4 Qf6
23.Qb1 Bb5 24.e3 Bc4 25.Rc1 Qb2 26.Qxb2 Bxb2 27.Raa1 Bxa1 28.Rxa1 Bxd5 29.Rd1
Bc6 30.Nd4 d5 31.Kf1 Bd7 32.Ba3 Rc4 33.Bb2 Rb4 34.Bc1 Nc3 35.Re1 Rxd4 36.Bb2
Rd3 {#R} 0-1

[Event "It (open)"]
[Site "masterchessopen.com - Thessaloniki (Greece)"]
[Date "2006.09.03"]
[Round "6"]
[White "Wojtaszek Radoslaw (POL)"]
[Black "Hakki Imad (SYR)"]
[Result "1-0"]
[WhiteElo "2630"]
[BlackElo "2433"]

1.d4 Nf6 2.c4 e6 3.Nf3 c5 4.d5 d6 5.Nc3 exd5 6.cxd5 g6 7.g3 Bg7 8.Bg2 O-O
9.O-O Re8 10.Bf4 a6 11.a4 Ne4 12.Nxe4 Rxe4 13.Nd2 Rb4 14.Ra2 g5 15.Be3 f5
16.Nf3 h6 17.h4 gxh4 18.Nxh4 f4 19.Bd2 fxg3 20.fxg3 Rxh4 21.gxh4 Qxh4 22.Bc3
Nd7 23.Qd3 Bxc3 24.bxc3 Ne5 25.Qe4 Qxe4 26.Bxe4 Kg7 27.Bf5 Bxf5 28.Rxf5 Re8
29.e4 Re7 30.a5 Nf7 31.Re2 Ne5 32.Rg2+ Kh7 33.Rf6 Nc4 34.Re6 {#r} 1-0

[Event "Ch Europe (juniors) (under 16)"]
[Site "masterchessopen.com - Herceg Novi (Montenegro)"]
[Date "2006.09.17"]
[Round "7"]
[White "Stupak Kirill (BLR)"]
[Black "Pym Thomas W (ENG)"]
[Result "1-0"]
[WhiteElo "2408"]
[BlackElo "2080"]

1.d4 Nf6 2.Nf3 c5 3.d5 e6 4.c4 exd5 5.cxd5 d6 6.Nc3 g6 7.g3 Bg7 8.Bg2 O-O
9.O-O Re8 10.Bf4 Ne4 11.Nxe4 Rxe4 12.Nd2 Rb4 13.a3 Rxf4 14.gxf4 Bxb2 15.Ra2
Bg7 16.Qb3 Na6 17.e4 Rb8 18.Re1 Qc7 19.Qg3 c4 20.e5 c3 21.Ne4 dxe5 22.Qxc3
exf4 23.Nf6+ Bxf6 24.Qxf6 Bf5 25.Rae2 Rf8 26.Re8 Qc5 27.d6 {#r} 1-0

[Event "Ch Argentina (team)"]
[Site "masterchessopen.com - Buenos Aires (Argentina)"]
[Date "2006.10.01"]
[Round "5"]
[White "Bernal Lucas (ARG)"]
[Black "Lalanne Pablo (ARG)"]
[Result "0-1"]
[WhiteElo "1954"]
[BlackElo "2200"]

1.d4 Nf6 2.Nf3 e6 3.c4 c5 4.d5 exd5 5.cxd5 d6 6.Nc3 g6 7.g3 Bg7 8.Bg2 O-O
9.O-O Re8 10.Qb3 a6 11.a4 Ne4 12.Re1 Nd7 13.Nxe4 Rxe4 14.Nd2 Rb4 15.Qc2 Rb8
16.Nc4 Ne5 17.Ne3 b5 18.Bd2 Rxb2 19.Qc1 Ng4 20.Bc3 Bxc3 21.Qxc3 Qf6 22.Qxf6
Nxf6 23.axb5 axb5 24.Ra7 Ng4 25.Nxg4 Bxg4 26.f3 Bc8 27.Kf2 Bb7 28.Rd1 c4 29.f4
c3 30.Be4 b4 31.Rc1 Rd2 32.Ra5 Bc8 33.Bc2 Rxc2 34.Rxc2 Bf5 35.Rc1 b3 {#R} 0-1

[Event "It (open) (active)"]
[Site "masterchessopen.com - El Sauzal (Spain)"]
[Date "2006.11.04"]
[Round "5"]
[White "Natalicchio Escalante Nicolas (ESP)"]
[Black "Moskalenko Viktor (UKR)"]
[Result "0-1"]
[WhiteElo "2239"]
[BlackElo "2543"]

1.d4 Nf6 2.c4 e6 3.Nf3 c5 4.d5 exd5 5.cxd5 d6 6.Nc3 g6 7.g3 Bg7 8.Bg2 O-O
9.O-O Re8 10.Bf4 a6 11.a4 Qc7 12.Re1 Nbd7 13.e4 Ng4 14.Qc2 Nge5 15.Be3 Rb8
16.a5 b5 17.axb6 Qxb6 18.Nxe5 Nxe5 19.Ra2 Qb3 20.Qxb3 Rxb3 21.Nd1 Bd7 22.h3
Nd3 23.Re2 Bb5 24.Rd2 Nb4 25.Ra1 {#R} 0-1

[Event "It (open) (active)"]
[Site "masterchessopen.com - El Sauzal (Spain)"]
[Date "2006.11.05"]
[Round "6"]
[White "Miton Kamil (POL)"]
[Black "Tatai Stefano (ITA)"]
[Result "1-0"]
[WhiteElo "2638"]
[BlackElo "2361"]

1.d4 Nf6 2.c4 e6 3.Nf3 c5 4.d5 exd5 5.cxd5 d6 6.Nc3 g6 7.g3 Bg7 8.Bg2 O-O
9.O-O Qe7 10.Bf4 Nbd7 11.Re1 Ne8 12.e4 f6 13.Nd2 Nc7 14.a4 b6 15.Bxd6 Qxd6
16.Nc4 Qe7 17.d6 Qf7 18.dxc7 Qxc4 19.e5 Qa6 20.e6 Ne5 21.e7 Bb7 22.exf8=Q+
Rxf8 23.Bxb7 Qxb7 24.Qd5+ Qxd5 25.Nxd5 Kf7 26.f4 Nc6 27.Re2 Rc8 28.Rae1 Bf8
29.Re8 {#r} 1-0

[Event "It (open)"]
[Site "masterchessopen.com - Santo-Domingo (Dominicana)"]
[Date "2006.11.06"]
[Round "9"]
[White "Mikhalevski Victor (ISR)"]
[Black "Puntier William (DOM)"]
[Result "1-0"]
[WhiteElo "2580"]
[BlackElo "2337"]

1.d4 Nf6 2.c4 c5 3.d5 e6 4.Nc3 exd5 5.cxd5 d6 6.g3 g6 7.Bg2 Bg7 8.Nf3 O-O
9.O-O Na6 10.Nd2 Nc7 11.Nc4 Nfe8 12.a4 b6 13.Qc2 Ba6 14.b3 Bxc4 15.bxc4 Na6
16.Bf4 Nb4 17.Qd2 g5 18.Be3 f5 19.Ra3 Bh6 20.Qc1 a6 21.h4 f4 22.hxg5 Bxg5
23.Bxf4 Bxf4 24.gxf4 Qh4 25.Ne4 Rxf4 26.Rh3 Qxh3 27.Bxh3 Rxe4 28.Kh2 Ra7
29.Rg1+ Rg7 30.Be6+ Kh8 31.Rxg7 Nxg7 32.Qg5 Nc6 33.Qf6 {#r} 1-0

[Event "Tournament \"]
[Site "masterchessopen.com - Warsaw (Poland)"]
[Date "2006.11.16"]
[Round "5"]
[White "Marszalek Maciej (POL)"]
[Black "Toczek Grzegorz (POL)"]
[Result "1-0"]
[WhiteElo "2402"]
[BlackElo "2339"]

1.d4 Nf6 2.c4 c5 3.d5 e6 4.Nc3 exd5 5.cxd5 d6 6.Nf3 g6 7.g3 Bg7 8.Bg2 O-O
9.O-O Na6 10.Nd2 Nc7 11.Nc4 b6 12.Bf4 Nfe8 13.Ne4 Ba6 14.Ncxd6 Bxb2 15.Rb1 Bg7
16.Re1 Nxd6 17.Bxd6 Re8 18.Bxc7 Qxc7 19.Qa4 Bb7 20.Red1 Red8 21.d6 Qc8 22.Qc4
Rb8 23.Rd2 Bc6 24.Ng5 Qf5 25.Bxc6 Qxb1+ 26.Kg2 Rf8 27.Rd3 Qb4 28.Qd5 Bf6
29.Ne4 Qb2 30.Rf3 Bd8 31.Be8 Qb4 32.Bxf7+ Kg7 33.Qe6 Rb7 34.Be8 Rxf3 35.exf3
{#r} 1-0

[Event "Czech League 2006/07 (2nd) (a)"]
[Site "masterchessopen.com - Czech Republic"]
[Date "2006.11.19"]
[Round "3"]
[White "Janocko Petr (CZE)"]
[Black "Simak Pavel (CZE)"]
[Result "1-0"]
[WhiteElo "2089"]
[BlackElo "2219"]

1.d4 c5 2.d5 e6 3.c4 exd5 4.cxd5 d6 5.Nc3 g6 6.g3 Bg7 7.Bg2 Nf6 8.Nf3 O-O
9.O-O a6 10.a4 Re8 11.Re1 Nbd7 12.e4 Rb8 13.Bf4 Nf8 14.e5 Nh5 15.Bg5 Qb6
16.exd6 Rxe1+ 17.Qxe1 Qxb2 18.Rc1 Bd7 19.Ne4 b6 20.a5 f6 21.Be3 Re8 22.axb6
Qxb6 23.Rb1 Qd8 24.Nxc5 Bc8 25.d7 Bxd7 26.Nxa6 Bc8 27.Nb4 f5 28.Qd2 Nf6 29.Qa2
Ne4 30.Nc6 Nc3 31.Nxd8 Nxa2 32.Nc6 Nc3 33.Rb8 Nxd5 34.Ng5 Nxe3 35.Rxc8 Nxg2
36.Rxe8 h6 37.Ne7+ {#r} 1-0

[Event "It (open)"]
[Site "masterchessopen.com - Belgrade (Yugoslavia)"]
[Date "2006.11.22"]
[Round "1"]
[White "Miladinovic Igor (SRB)"]
[Black "Prelevic Dusko (SRB)"]
[Result "1-0"]
[WhiteElo "2598"]
[BlackElo "2320"]

1.d4 Nf6 2.c4 c5 3.d5 e6 4.Nc3 exd5 5.cxd5 d6 6.g3 g6 7.Bg2 Bg7 8.Nf3 O-O
9.O-O Na6 10.Nd2 Nc7 11.Nc4 Nfe8 12.a4 b6 13.Re1 Ba6 14.Na3 Nf6 15.e4 Nd7
16.f4 Bd4+ 17.Be3 Qf6 18.Bxd4 cxd4 19.Ncb5 Bxb5 20.axb5 d3 21.Qxd3 Qxb2
22.Rab1 Qg7 23.Qd2 Rad8 24.Nc2 f5 25.e5 dxe5 26.d6 Ne8 27.Qd5+ Kh8 28.fxe5 Nc5
29.Nd4 Nc7 30.Qc4 Ne8 31.Nc6 Rd7 32.Rbd1 Qh6 33.e6 {#r} 1-0

[Event "Ch City"]
[Site "masterchessopen.com - Nizhnij Tagil (Russia)"]
[Round "2"]
[White "Komissarov Vladimir (RUS)"]
[Black "Shestakov Dmitry (RUS)"]
[Result "0-1"]
[WhiteElo "2226"]
[BlackElo "2264"]

1.d4 Nf6 2.c4 e6 3.g3 c5 4.d5 exd5 5.cxd5 d6 6.Nc3 g6 7.Bg2 Bg7 8.Nf3 O-O
9.O-O a6 10.a4 Nbd7 11.h3 Rb8 12.a5 b5 13.axb6 Nxb6 14.e4 Re8 15.Re1 Nfd7
16.Ra2 Ne5 17.Nxe5 Bxe5 18.Qd3 Na8 19.Ne2 Nc7 20.f4 Bg7 21.g4 Bd7 22.Nc3 Rb4
23.Be3 g5 24.fxg5 Bd4 25.Bxd4 Rxd4 26.Qg3 Re5 27.h4 Qb8 28.Rf1 Qb3 29.Qf4 Be8
30.Qf6 Nb5 31.Rxa6 Nxc3 32.bxc3 Rdxe4 33.Bxe4 Rxe4 34.Qf3 Qxd5 35.Rxd6 Qc4
36.Rd8 Rxg4+ 37.Kh2 Rxh4+ 38.Kg3 Re4 {#R} 0-1

[Event "Ch Turkey (1/2 final)"]
[Site "masterchessopen.com - Antalya (Turkey)"]
[Date "2006.12.21"]
[Round "5"]
[White "Yuksel Mustafa (TUR)"]
[Black "Ersahin Bulent (TUR)"]
[Result "0-1"]
[WhiteElo "2032"]
[BlackElo "2134"]

1.d4 Nf6 2.c4 e6 3.Nf3 c5 4.d5 exd5 5.cxd5 d6 6.Nc3 g6 7.g3 Bg7 8.Bg2 O-O
9.O-O Na6 10.Qb3 Nc7 11.a4 b6 12.Nd2 Ba6 13.Nc4 Bxc4 14.Qxc4 a6 15.h3 Rb8
16.e4 Re8 17.Bf4 b5 18.axb5 axb5 19.Qd3 b4 20.Nd1 Nb5 21.Bc1 Qe7 22.Re1 Nd4
23.Be3 Nd7 24.f4 g5 25.Bd2 gxf4 26.gxf4 Qh4 27.Rf1 f5 28.Ne3 fxe4 29.Bxe4 Qxh3
30.Bg2 Qh5 31.Ra7 Ne2+ 32.Qxe2 Qxe2 33.Rf2 Rxe3 {#R} 0-1

[Event "It (open)"]
[Site "masterchessopen.com - Tuggeranong (Australia)"]
[Date "2007.01.04"]
[Round "7"]
[White "Holt Kenneth (AUS)"]
[Black "Morris Michael J (USA)"]
[Result "0-1"]
[WhiteElo "1934"]
[BlackElo "2180"]

1.d4 Nf6 2.c4 e6 3.g3 c5 4.d5 exd5 5.cxd5 d6 6.Nc3 g6 7.Bg2 Bg7 8.Nf3 O-O
9.O-O a6 10.a4 Nbd7 11.Bf4 Qc7 12.Nd2 Ng4 13.Nde4 Nge5 14.Rc1 h6 15.h4 f5
16.Nd2 Qd8 17.Nf3 Nxf3+ 18.Bxf3 Ne5 19.Bg2 g5 20.hxg5 hxg5 21.Bxe5 Bxe5 22.e4
f4 23.Qh5 Kg7 24.Qe2 Qf6 25.Bf3 g4 26.Bxg4 f3 27.Bxf3 Qxf3 28.Qxf3 Rxf3 29.Kg2
Bg4 30.Rh1 Raf8 31.Nd1 Bd4 32.Rc2 Rd3 {#R} 0-1

[Event "Extra League 2006/07"]
[Site "masterchessopen.com - Czech Republic"]
[Date "2007.03.10"]
[Round "8"]
[White "Cernousek Lukas (CZE)"]
[Black "Rehurek Lukas (CZE)"]
[Result "1-0"]
[WhiteElo "2405"]
[BlackElo "2229"]

1.d4 Nf6 2.c4 c5 3.d5 e6 4.Nc3 exd5 5.cxd5 d6 6.g3 g6 7.Bg2 Bg7 8.Nf3 O-O
9.O-O Na6 10.Nd2 Nc7 11.Nc4 Re8 12.h3 a6 13.a4 Rb8 14.Bf4 Bf8 15.e4 b5 16.axb5
axb5 17.Na5 Bd7 18.Nc6 Bxc6 19.dxc6 b4 20.Nd5 Nfxd5 21.exd5 Bg7 22.Qd2 Qf6
23.b3 Nb5 24.Rae1 Qc3 25.Rxe8+ Rxe8 26.Qa2 Be5 27.Qa6 Nc7 28.Qb7 Bxf4 29.Qxc7
{#r} 1-0

[Event "Cup Doeberl"]
[Site "masterchessopen.com - Canberra (Australia)"]
[Date "2007.04.09"]
[Round "7"]
[White "Wright Neil (AUS)"]
[Black "Toth Andras (HUN)"]
[Result "0-1"]
[WhiteElo "2207"]
[BlackElo "2410"]

1.d4 Nf6 2.c4 e6 3.g3 c5 4.d5 exd5 5.cxd5 d6 6.Bg2 g6 7.Nc3 Bg7 8.Nf3 O-O
9.O-O a6 10.a4 Nbd7 11.Bf4 Qe7 12.Re1 Ng4 13.Bg5 Qe8 14.h3 h6 15.hxg4 hxg5
16.Nxg5 Ne5 17.Nge4 Qe7 18.g5 Bf5 19.Qb3 Rab8 20.a5 Nd7 21.Ra4 b5 22.axb6 Rxb6
23.Nf6+ Bxf6 24.gxf6 Qxf6 25.Qa3 Rfb8 26.e4 Bg4 27.e5 Nxe5 28.Rf4 Qg7 29.Ne4
Bf5 30.Qa5 Nd3 {#R} 0-1

[Event "It (open)"]
[Site "masterchessopen.com - Reykjavik (Iceland)"]
[Date "2007.04.16"]
[Round "6"]
[White "Edvardsson Kristjan (ISL)"]
[Black "Bergsson Stefan (ISL)"]
[Result "1-0"]
[WhiteElo "2266"]
[BlackElo "2106"]

1.d4 Nf6 2.c4 e6 3.g3 c5 4.d5 exd5 5.cxd5 d6 6.Nc3 g6 7.Bg2 Bg7 8.Nf3 O-O
9.O-O a6 10.a4 Re8 11.h3 b6 12.Re1 Ra7 13.Nd2 Rae7 14.Nc4 Bb7 15.e4 h6 16.Bf4
Rd7 17.g4 h5 18.Qf3 hxg4 19.hxg4 Nh7 20.Qg3 Bf8 21.Rad1 g5 22.Bc1 Bg7 23.e5
dxe5 24.Be4 f6 25.Bf5 Rde7 26.d6 Rf7 27.d7 Ree7 28.Nd6 Bc6 29.Nxf7 Rxf7 30.Be6
Nf8 31.Bxf7+ Kxf7 32.Ne4 Bxe4 33.Rxe4 Ne6 34.Qb3 Ke7 35.Qd5 Qc7 36.Qxe6+ {#r}
1-0

[Event "It (open)"]
[Site "masterchessopen.com - Avellaneda (Argentina)"]
[Date "2007.05.09"]
[Round "1"]
[White "Mahia Gustavo (ARG)"]
[Black "Meza Gabriela (ARG)"]
[Result "1-0"]
[WhiteElo "2432"]
[BlackElo "2045"]

1.d4 Nf6 2.c4 c5 3.d5 e6 4.Nc3 exd5 5.cxd5 d6 6.Nf3 g6 7.g3 Bg7 8.Bg2 O-O
9.O-O a6 10.a4 Nbd7 11.h3 b6 12.Nd2 Rb8 13.Nc4 Ne8 14.Bf4 Ne5 15.Bxe5 Bxe5
16.Qb3 Bg7 17.Na5 Qc7 18.Nc6 Rb7 19.Rfd1 Kh8 20.e3 f5 21.Bf1 Rb8 22.Nxb8 Qxb8
23.Ne2 g5 24.Bg2 Nf6 25.Qc2 Qa7 26.Rab1 Qf7 27.b4 Nd7 28.bxc5 bxc5 29.a5 Be5
30.f4 gxf4 31.gxf4 Bg7 32.Ng3 Qg6 33.Kh2 Bh6 34.Bf3 Nf6 35.Rb8 {#r} 1-0

[Event "Ch Russia (club) (hl)"]
[Site "masterchessopen.com - Sochi (Russia)"]
[Date "2007.05.09"]
[Round "6"]
[White "Konovalov Nikolay (RUS)"]
[Black "Gontcharov Vladislav (RUS)"]
[Result "1-0"]
[WhiteElo "2453"]
[BlackElo "2416"]

1.d4 Nf6 2.c4 c5 3.d5 e6 4.Nc3 exd5 5.cxd5 d6 6.Nf3 g6 7.g3 Bg7 8.Bg2 O-O
9.O-O Re8 10.Bf4 Ne4 11.Nxe4 Rxe4 12.Nd2 Rb4 13.a3 Rxf4 14.gxf4 Bxb2 15.Rb1
Bxa3 16.Ne4 Qe7 17.Rb3 Bb4 18.Re3 Nd7 19.Nxc5 Qxe3 20.fxe3 Bxc5 21.Kh1 Nf6
22.e4 Ng4 23.Qa4 Kf8 24.e5 g5 25.e6 Ne3 26.fxg5 {#r} 1-0

[Event "Tournament (open)"]
[Site "masterchessopen.com - Chotowa (Poland)"]
[Date "2007.05.28"]
[Round "3"]
[White "Drozd Ryszard (POL)"]
[Black "Gigon Stanislaw (POL)"]
[Result "1-0"]
[WhiteElo "2226"]
[BlackElo "1997"]

1.d4 Nf6 2.c4 c5 3.d5 d6 4.Nc3 e6 5.g3 exd5 6.cxd5 g6 7.Bg2 Bg7 8.Nf3 O-O
9.O-O Na6 10.Nd2 Nc7 11.a4 b6 12.e4 Bd7 13.Nc4 Nfe8 14.Bf4 g5 15.Bxd6 Nxd6
16.Nxd6 Bxa4 17.Nxf7 Rxf7 18.Qxa4 Qd6 19.e5 Qxe5 20.d6 Qxd6 21.Bxa8 Nxa8
22.Rae1 Nc7 23.Qxa7 Bd4 24.Ne4 Qg6 25.b3 h5 26.Qb7 h4 27.Qc8+ Kg7 28.Qg4 hxg3
29.hxg3 Ne6 30.Nd6 Rf6 31.Re2 Bc3 32.Ne4 Nd4 33.Nxc3 Nxe2+ 34.Qxe2 Re6 35.Qg4
Rd6 {#r} 1-0

[Event "Ch Germany (juniors) (under 14)"]
[Site "masterchessopen.com - Willingen (Germany)"]
[Date "2007.05.28"]
[Round "3"]
[White "Cornish Alexander"]
[Black "Hager Joshua Aarash (GER)"]
[Result "0-1"]
[WhiteElo "1460"]
[BlackElo "2065"]

1.d4 Nf6 2.c4 c5 3.d5 e6 4.g3 exd5 5.cxd5 d6 6.Nc3 g6 7.Nf3 Bg7 8.Bg2 O-O
9.O-O Re8 10.Re1 Na6 11.h3 Nc7 12.a4 a6 13.Nd2 Rb8 14.a5 Nb5 15.Nc4 Nxc3
16.bxc3 Ne4 17.Bxe4 Rxe4 18.Qb3 Bxh3 19.Bf4 Rxf4 20.gxf4 Qh4 21.Ne3 Re8 22.Nf1
g5 23.Qc4 Qg4+ 24.Ng3 Re3 25.Kh2 gxf4 26.Rg1 Qh4 27.Rg2 fxg3+ 28.Rxg3 Bg4+
29.Kg2 Rxg3+ 30.fxg3 Qh3+ 31.Kg1 Qxg3+ 32.Kh1 Be5 33.Qxg4+ Qxg4 34.Rg1 Qxg1+
35.Kxg1 Bxc3 {#R} 0-1

[Event "Ch Germany (juniors) (under 14)"]
[Site "masterchessopen.com - Willingen (Germany)"]
[Date "2007.05.30"]
[Round "7"]
[White "Kugler Florian (GER)"]
[Black "Maerz Julian (GER)"]
[Result "0-1"]
[WhiteElo "1856"]
[BlackElo "1942"]

1.d4 Nf6 2.c4 c5 3.d5 e6 4.Nc3 exd5 5.cxd5 d6 6.g3 g6 7.Bg2 Bg7 8.Nf3 O-O
9.O-O a6 10.a4 Re8 11.Re1 Nbd7 12.Bf4 Qc7 13.Qc2 Nb6 14.e4 Nbd7 15.Rad1 Ng4
16.h3 Nge5 17.Kh1 Nxf3 18.Bxf3 Ne5 19.Bg2 f5 20.Bxe5 Bxe5 21.f4 Bxc3 22.Qxc3
fxe4 23.g4 Qf7 24.Qg3 Bd7 25.b3 e3 26.Rxe3 Rxe3 27.Qxe3 Re8 28.Qf2 Qe7 29.Rf1
Qe3 30.Qb2 Qe2 31.Qf6 Qe7 32.Qc3 b5 33.Qa5 bxa4 34.bxa4 Qh4 35.Qxa6 Bxg4
36.Qxd6 Bxh3 37.Qxc5 Re2 {#R} 0-1